000 00753nam a22002177a 4500
005 20131218144612.0
010 _aENG-108893
020 _a9789382816065
_c1650.00
035 _aEN-92426
037 _bDBAD/PUB
082 _a801.95
100 _aMiluwi, Joshua O.
245 _aTwentieth century literary criticism and theory /
_cby Joshua O. Miluwi , Shoma Barman [and] Hina Rashid
260 _aNew Delhi
_bManglam Publishers and Distributors
_c2013
270 _aL-21/1, Street No.5, Shivaji Marg, Near Kali Mandir, J.P. Nagar, Kartar Nagar , West Ghonda
_bNew Delhi
_e110053
300 _a528p.
_c23cm(Hb)
500 _aIncludes index
700 _aBarman, Shoma
700 _aHina Rashid
942 _2ddc
_cEN
_mMIL
_h801.95
999 _c81239
_d81239